000 01911cam a2200169 4500500
005 20260405085558.0
041 _afre
042 _adc
100 1 0 _aKivits, Joëlle
_eauthor
700 1 0 _aBalard, Frédéric
_eauthor
700 1 0 _aFournier, Cécile
_eauthor
700 1 0 _aWinance, Myriam
_eauthor
245 0 0 _aLes recherches qualitatives en santé
260 _bArmand Colin,
_c2023.
520 _aLes recherches dans le domaine de la santé recourent de plus en plus fréquemment à des approches qualitatives visant à comprendre des phénomènes sociaux, tels que des représentations, des pratiques, des organisations ou des politiques, à partir de l’étude de discours, d’actions et d’interactions. La connaissance y est envisagée comme une construction, liée à des approches théoriques et empiriques rigoureuses. Leur enseignement a donc un rôle essentiel à jouer dans le développement actuel de la recherche en santé. Ce manuel est à la fois théorique et pratique. Il rappelle l’ancrage historique et disciplinaire des recherches qualitatives en santé et présente ensuite les méthodes de recherche qualitative en exposant leurs fondements, leurs principes, leurs outils et leurs pratiques appliqués à la santé. Il aborde également des questions centrales pour les recherches en santé  : les enjeux éthiques, l’interdisciplinarité, les recherches participatives ou encore les manières d’écrire un protocole et de publier ses résultats. Enfin, il illustre la mise en œuvre de ces méthodes à travers des exemples détaillés de recherches qualitatives en santé menées dans différents domaines et selon des approches variées. Il donne ainsi les moyens d’élaborer, selon son niveau, un travail de recherche qualitative.
856 4 1 _uhttps://stm.cairn.info/les-recherches-qualitatives-en-sante--9782200631970?lang=fr&redirect-ssocas=7080
999 _c2198678
_d2198678